Postharvest Technology of Horticultural Crops (Record no. 19256)

MARC details
000 -LEADER
fixed length control field 00457nam a22001457a 4500
008 - FIXED-LENGTH DATA ELEMENTS--GENERAL INFORMATION
fixed length control field 220310b |||||||| |||| 00| 0 eng d
020 ## - INTERNATIONAL STANDARD BOOK NUMBER
International Standard Book Number 9390175253
050 ## - LIBRARY OF CONGRESS CALL NUMBER
Classification number SB319.7
Item number .P67 2021
245 ## - TITLE STATEMENT
Title Postharvest Technology of Horticultural Crops
Statement of responsibility, etc. Edited by K.V. Peter, K.P. Sudheer & V. Indira
260 ## - PUBLICATION, DISTRIBUTION, ETC. (IMPRINT)
Place of publication, distribution, etc. New Delhi
Name of publisher, distributor, etc. New India Publishing agency
Date of publication, distribution, etc. 2021
300 ## - PHYSICAL DESCRIPTION
Extent xxvii, 291p.
650 ## - SUBJECT ADDED ENTRY--TOPICAL TERM
Topical term or geographic name as entry element Horticultural crops
650 ## - SUBJECT ADDED ENTRY--TOPICAL TERM
Topical term or geographic name as entry element Food crops
942 ## - ADDED ENTRY ELEMENTS (KOHA)
Source of classification or shelving scheme Library of Congress Classification
Koha item type General Collection
Holdings
Withdrawn status Lost status Source of classification or shelving scheme Not for loan Home library Current library Date acquired Cost, normal purchase price Total Checkouts Full call number Barcode Date last seen Price effective from Koha item type
    Library of Congress Classification   Kabarak, Main Campus Kabarak, Main Campus 10/03/2022 6130.00   SB319.7 .P67 2021c.1 031441 10/03/2022 10/03/2022 General Collection
Designed with assistance from East African Informatics Ltd